Pedro ferré: sus luchas por el federalismo /
Guardado en:
| Autor Principal: | |
|---|---|
| Formato: | Libro |
| Publicado: |
Argentina :
Universidad nacional del nordeste,
1964
|
| Materias: | |
| Etiquetas: |
Agregar Etiqueta
Sin Etiquetas, Sea el primero en etiquetar este registro!
|
| LEADER | 00535nam a22001695a 4500 | ||
|---|---|---|---|
| 001 | CEM.cems002992 | ||
| 005 | 19000101000000.0 | ||
| 008 | 130507s1964##################000#0#####d | ||
| 003 | CEMS | ||
| 082 | 0 | 4 | |a 923 |
| 100 | 1 | |a González, Ernesto Hilario | |
| 245 | 1 | 0 | |a Pedro ferré: sus luchas por el federalismo / |c Ernesto Hilario González |
| 260 | |a Argentina : |b Universidad nacional del nordeste, |c 1964 | ||
| 300 | |a 54 p. | ||
| 653 | |a Biografias | ||
| 653 | |a Ferre, pedro-biograf. | ||
| 859 | |a CEMS |b BIB. CEMS - 11 de abril |h 923 |i F414g |p 10366.81 |t Ej.1 | ||
